000 00611nam a2200229Ia 4500
003 OSt
005 20220918231046.0
006 a|||||r|||| 00| 0
007 ta
008 220917b |||||||| |||| 00| 0 eng d
024 _a262,827
037 _cTextual
040 _aARTS
_cARTS
_beng
041 _2eng
_aeng
082 _aR6947x1,1, 15M3
100 _aNagarjuna
245 0 _aMadhyamakasastra ed by Dwarika das shastri
260 _aVaranasi
_bBauddha Bharati
_c1983
650 _aPHILOSOPHY
942 _hR6947x1,1, 15M3
_cTEXL
_2CC
999 _c289692
_d289692